01013nam a2200217 i 4500001000700000003000900007005001700016007000300033008004100036100003000077245024000107260003300347300005600380490007100436650003100507700003700538830006000575852002100635999001900656952012000675141776ES-MaACL20250814234225.0t|070927s1933 sp ||||1| spa d1 aWagemann, Ernest.911582710aEstructura y ritmo de la economía mundial : bestudios prácticos acerca de los métodos empleados para pronosticar la coyuntura y para combatir las crisis / cErnest Wagemann ; traducción del alemán por Manuel Sánchez Sarto. aBarcelona : bLabor, c1933. aXXX, 432 p., 2 h. pleg. de mapas : bil. ; c23 cm.1 aEnciclopedia de ciencias jurídicas y sociales. Ciencias sociales 4aEconomía mundial.9120351 aSánchez Sarto, Manuel.910293110aEnciclopedia de ciencias jurídicas y sociales9183357 aES-MaACLjA-1580 c141776d141776 00104070aATENEOMbATENEOMcSPP1d2008-01-17eSCl0oA-1580p1147520r2023-02-23 00:00:00w2023-02-23yMONOGRAFIA